|
|
|
|
| LEADER |
00000naa0a2200000 4500 |
| 001 |
664893 |
| 005 |
20250815101259.0 |
| 035 |
|
|
|a (RuTPU)RU\TPU\network\36078
|
| 035 |
|
|
|a RU\TPU\network\21944
|
| 090 |
|
|
|a 664893
|
| 100 |
|
|
|a 20210527d2019 k||y0engy50 ba
|
| 101 |
0 |
|
|a eng
|
| 102 |
|
|
|a CN
|
| 135 |
|
|
|a drcn ---uucaa
|
| 181 |
|
0 |
|a i
|
| 182 |
|
0 |
|a b
|
| 200 |
1 |
|
|a Dynamics Of Development and Problems of Technical Education
|f G. V. Erofeeva
|
| 203 |
|
|
|a Text
|c electronic
|
| 300 |
|
|
|a Title screen
|
| 320 |
|
|
|a [References.: p. 14 (8 tit.)]
|
| 461 |
|
|
|t Scientific research of the SCO countries: synergy and integration
|o materials of the International Conference, Beijing, February 11-12, 2019
|o at 4 pt.
|
| 463 |
|
|
|t Pt 1: Participants’ reports in English
|v [P. 36-41]
|d 2019
|
| 610 |
1 |
|
|a электронный ресурс
|
| 610 |
1 |
|
|a труды учёных ТПУ
|
| 700 |
|
1 |
|a Erofeeva
|b G. V.
|c physicist
|c Professor of Tomsk Polytechnic University, Doctor of pedagogical sciences
|f 1938-
|g Galina Vasiljevna
|3 (RuTPU)RU\TPU\pers\38243
|9 20701
|
| 712 |
0 |
2 |
|a Национальный исследовательский Томский политехнический университет
|b Инженерная школа ядерных технологий
|b Отделение экспериментальной физики
|3 (RuTPU)RU\TPU\col\23549
|
| 801 |
|
2 |
|a RU
|b 63413507
|c 20210527
|g RCR
|
| 856 |
4 |
|
|u http://naukarus.ru/public_html/wp-content/uploads/2016/12/Scientific%20research%20of%20the%20SCO%20countries%20-%20English%20Reports%20-%20Februry%2011-12%20-%20Part%201.pdf#page=36
|
| 942 |
|
|
|c CF
|